De Madrid a Versalles : (Record no. 182505)

MARC details
000 -LEADER
campo de control de longitud fija 01411nam a2200325 i 4500
001 - NÚMERO DE CONTROL
campo de control 182505
003 - IDENTIFICADOR DE NÚMERO DE CONTROL
campo de control ES-MaACL
005 - FECHA Y HORA DE LA ÚLTIMA TRANSACCIÓN
campo de control 20250804030236.0
008 - DATOS DE LONGITUD FIJA--INFORMACIÓN GENERAL
campo de control de longitud fija 130910s2011 sp | |||||||| | spa d
020 ## - NÚMERO INTERNACIONAL ESTÁNDAR DEL LIBRO
Número Internacional Estándar del Libro 978-81-344-1396-5
ISBN cancelado o inválido 978-81-344-1396-2
080 ## - NÚMERO DE LA CLASIFICACIÓN DECIMAL UNIVERSAL
Número de la Clasificación Decimal Universal 929 Luis (44) XIV
080 ## - NÚMERO DE LA CLASIFICACIÓN DECIMAL UNIVERSAL
Número de la Clasificación Decimal Universal 929 Felipe (460) V
080 ## - NÚMERO DE LA CLASIFICACIÓN DECIMAL UNIVERSAL
Número de la Clasificación Decimal Universal 94(460)"1700/14"(093)
100 1# - ENTRADA PRINCIPAL--NOMBRE DE PERSONA
Nombre de persona Bernardo Ares, José Manuel de,
Fechas asociadas al nombre 1945-
9 (RLIN) 28291
245 10 - MENCIÓN DEL TÍTULO
Título De Madrid a Versalles :
Resto del título la correspondencia bilingüe entre el Rey Sol y Felipe V durante la Guerra de Sucesión /
Mención de responsabilidad, etc. José Manuel de Bernardo Ares, Elena Echeverría Pereda, Emilio Ortega Arjonilla.
250 ## - MENCION DE EDICION
Mención de edición 1ª ed.
260 ## - PUBLICACIÓN, DISTRIBUCIÓN, ETC.
Lugar de publicación, distribución, etc. [Barcelona] :
Nombre del editor, distribuidor, etc. Ariel,
Fecha de publicación, distribución, etc. 2011.
300 ## - DESCRIPCIÓN FÍSICA
Extensión 707 p. ;
Dimensiones 24 cm.
504 ## - NOTA DE BIBLIOGRAFÍA, ETC.
Nota de bibliografía, etc. Bibliografía: p. [669]-707.
546 ## - NOTA DE IDIOMA
Nota de lengua/lenguaje Texto en español; correspondencia en español y francés.
600 04 - PUNTO DE ACCESO ADICIONAL DE MATERIA--NOMBRE DE PERSONA
Nombre de persona Luis
Numeración XIV
Títulos y otros términos asociados al nombre Rey de Francia-
Subdivisión de forma Correspondencia.
9 (RLIN) 148389
600 04 - PUNTO DE ACCESO ADICIONAL DE MATERIA--NOMBRE DE PERSONA
Nombre de persona Felipe
Numeración V
Títulos y otros términos asociados al nombre Rey de España-
Subdivisión de forma Correspondencia.
9 (RLIN) 148388
650 #7 - PUNTO DE ACCESO ADICIONAL DE MATERIA--TÉRMINO DE MATERIA
Término de materia o nombre geográfico como elemento de entrada Guerra de Sucesión española, 1700-1714
Fuente del encabezamiento o término embne
9 (RLIN) 140912
700 1# - ENTRADA AGREGADA--NOMBRE PERSONAL
Nombre de persona Echeverría Pereda, Elena.
9 (RLIN) 153373
700 1# - ENTRADA AGREGADA--NOMBRE PERSONAL
Nombre de persona Ortega Arjonilla, Emilio.
9 (RLIN) 153374
852 ## - LOCALIZACIÓN
Ubicación ES-MaACL
Número de control de estantería A-12899
itemnumber 189417
Sublocalización o colección R.149745
Ubicación en estantería Depósito 1
Signatura antigua Olim: N-5899
Encuadernación Donación: José Manuel Bernardo Ares
903 ## - NOMBRE PERSONAL DE DONANTE
a Bernardo Ares, José Manuel de,
d 1945-
e Donante
9 28291
942 ## - ELEMENTOS DE ENTRADA SECUNDARIOS (KOHA)
Fuente del sistema de clasificación o colocación Clasificación decimal universal
Tipo de ítem Koha Libro impreso
Holdings
Estatus retirado Estado de pérdida Fuente del sistema de clasificación o colocación Estado de daño No para préstamo Biblioteca de origen Biblioteca actual Ubicación en estantería Fecha de adquisición Fuente de adquisición Total de préstamos Signatura topográfica completa Código de barras Visto por última vez Precio de reemplazo Tipo de ítem Koha
    Clasificación decimal universal     Biblioteca del Ateneo de Madrid Biblioteca del Ateneo de Madrid Depósito 1 10/09/2013 Donación   A-12899 1191794 23/02/2023 23/02/2023 Libro impreso